Využitie biomasy rakytníka rešetliakového v potravinárstve
Enregistré dans:
| Auteur principal: | |
|---|---|
| Autres auteurs: | |
| Format: | Manuscrit Livre |
| Langue: | slovaque |
| Publié: |
2017
|
| Sujets: | |
| Accès en ligne: | http://is.stuba.sk/zp/portal_zp.pl?podrobnosti=117892 |
| Tags: |
Pas de tags, Soyez le premier à ajouter un tag!
|
MARC
| LEADER | 00000ntm a22000003a 4500 | ||
|---|---|---|---|
| 001 | stuzp64318 | ||
| 003 | SK-STU | ||
| 005 | 20170715210819.5 | ||
| 007 | ta | ||
| 008 | 150427s2015----xo-----f-mn---000-0-slo-d | ||
| 040 | |a STU |b slo | ||
| 041 | 0 | |a slo | |
| 100 | 1 | |a Bittnerová, Anna |u 040200 |4 aut |U FCHPT Fakulta chemickej a potravinárskej technológie |T FCHPT Ústav potravinárstva a výživy |X 76115 |U C020 |Y 684 |7 76115 | |
| 242 | 0 | 1 | |a The utilization of biomass of Sea buckthorn in the food industry |y eng |
| 245 | 1 | 0 | |a Využitie biomasy rakytníka rešetliakového v potravinárstve |
| 260 | |c 2017 | ||
| 650 | 4 | |a Hippophae rhamnoides |2 slo | |
| 650 | 4 | |a antioxidačná kapacita |2 slo | |
| 650 | 4 | |a DPPH |2 slo | |
| 650 | 4 | |a GC-FID |2 slo | |
| 650 | 4 | |a GC-MS |2 slo | |
| 650 | 4 | |a Hippophae rhamnoides |2 eng | |
| 650 | 4 | |a antioxidant capacity |2 eng | |
| 650 | 4 | |a DPPH |2 eng | |
| 650 | 4 | |a GC-FID |2 eng | |
| 650 | 4 | |a GC-MS |2 eng | |
| 700 | 1 | |a Kreps, František |u 040250 |k Z2 |4 ths |U FCHPT Ústav potravinárstva a výživy |T FCHPT Oddelenie potravinárskej technológie |X 40487 |U C0250 |Y 685 |7 A000040487 | |
| 856 | 4 | |u http://is.stuba.sk/zp/portal_zp.pl?podrobnosti=117892 | |